Anagrammes de pays du monde en 5 lettres - Statistiques

Statistiques générales
  • Ce quiz a été pris 1 947 fois
  • Le résultat moyen est 18 sur 20
Statistiques - réponses
Anagramme Pays % Correct
LICHI Chili
99%
ONGOC Congo
99%
GERCE Grèce
99%
PAJON Japon
99%
NICHE Chine
98%
KANYE Kenya
98%
BILAN Liban
98%
BONGA Gabon
97%
DATCH Tchad
93%
OCREE Corée
92%
PANEL Nepal
91%
BINNE Bénin
89%
MACRO Maroc
89%
ENEMY Yemen
87%
PROUE Perou
86%
EUDES Suède
86%
Yrise Syrie
85%
OMASA Samoa
83%
TANGO Tonga
77%
METAL Malte
71%
Aucun quiz correspondant
Distribution des résultats
% des personnes avec chaque résultat
Percentile par nombre de réponses
Votre historique - résultats
Vous n’avez pas pris ce quiz